| 000 | 00965cam a2200277 a 4500 | ||
|---|---|---|---|
| 001 | 000004752 | ||
| 005 | 20200929151509.0 | ||
| 008 | 760818s1974 ag 000 f spa c | ||
| 040 |
_aDO-SdBNP _bspa _cDLC _dBNPHU |
||
| 041 | 1 | 7 |
_aspa _hfrancés _2código de idioma Marc |
| 082 |
_a843.9 _bM454m, 1974 |
||
| 100 | 1 |
_aMauriac, Francois, _d1885-1970. _913808 |
|
| 240 | 1 | 0 |
_aLe mal _lEspañol |
| 245 | 1 | 3 |
_aEl mal : _bnovela / _cFrancois Mauriac ; traducción de Elvira Riera de Camerlingo. |
| 250 | _a2a ed. | ||
| 260 |
_aBuenos Aires, Argentina : _bEditorial Losada, _c1974. |
||
| 300 |
_a126 p. ; _c19 cm. |
||
| 490 | 1 |
_aBiblioteca clásica y contemporánea _v409 |
|
| 534 |
_aTítulo original _tLe mal |
||
| 650 | 4 |
_aNovela francesa _91075 |
|
| 650 | 4 |
_aLiteratura francesa _91074 |
|
| 700 | 1 |
_aRiera de Camerlingo, Elvira _etr. _913809 |
|
| 830 | 0 |
_aBiblioteca clásica y contemporánea ; _v409 _913431 |
|
| 910 | _aCatalogación por copia / LC | ||
| 049 | _aBNGR | ||
| 999 |
_c4558 _d4558 |
||